[Event "Washington op"]
[Site "Lynnwood"]
[Date "2015.05.25"]
[Round "5"]
[White "Sinanan, Joshua C"]
[Black "Kaufman, Raymond"]
[Result "0-1"]
[WhiteElo "2233"]
[BlackElo "2294"]
[PlyCount "80"]
[GameId "1166659397509120"]
[EventDate "2015.05.23"]
[EventType "swiss"]
[EventRounds "6"]
[EventCountry "USA"]
[SourceTitle "EXT 2017"]
[Source "ChessBase"]
[SourceDate "2016.10.25"]
[SourceVersion "1"]
[SourceVersionDate "2016.10.25"]
[SourceQuality "1"]

1. Nf3 c5 2. c4 Nc6 3. Nc3 g6 4. g3 Bg7 5. Bg2 d6 6. O-O Bf5 7. d3 Qd7 8. Be3 Nf6 9. a3 Bh3 10. Rb1 h5 11. Bxh3 Qxh3 12. Ng5 Qd7 13. f3 h4 14. g4 Nd4 15. Bxd4 cxd4 16. Nce4 d5 17. Nxf6+ exf6 18. Nh3 f5 19. gxf5 dxc4 20. dxc4 Qxf5 21. Qa4+ Kf8 22. Nf2 Re8 23. Rbe1 h3 24. Qb5 Be5 25. Ng4 d3 26. Kh1 Bd4 27. Qb4+ Kg7 28. Qd2 Rxe2 29. Rxe2 dxe2 30. Qxe2 Rd8 31. Qd2 g5 32. b3 Bb6 33. Qb2+ f6 34. Qe2 Rd7 35. b4 Qd3 36. Qxd3 Rxd3 37. c5 Bc7 38. Re1 Rxf3 39. Kg1 Bf4 40. Re7+ Kg6 0-1

[Event "American op 51st"]
[Site "Orange"]
[Date "2015.11.27"]
[Round "3"]
[White "Clarke, Brandon GI"]
[Black "Kaufman, Raymond"]
[Result "0-1"]
[WhiteElo "2158"]
[BlackElo "2295"]
[PlyCount "134"]
[GameId "1166660087926784"]
[EventDate "2015.11.26"]
[EventType "swiss"]
[EventRounds "8"]
[EventCountry "USA"]
[SourceTitle "EXT 2017"]
[Source "ChessBase"]
[SourceDate "2016.10.25"]
[SourceVersion "1"]
[SourceVersionDate "2016.10.25"]
[SourceQuality "1"]

1. e4 e5 2. Nf3 Nc6 3. Bb5 a6 4. Ba4 Nf6 5. Qe2 b5 6. Bb3 Be7 7. O-O O-O 8. c3 d5 9. d3 Re8 10. Nbd2 Bf8 11. Rd1 h6 12. Nf1 Be6 13. Ng3 g6 14. h3 Bg7 15. Be3 Qc8 16. Bc2 Qb7 17. Nh4 Rad8 18. Qf3 Nh7 19. Ne2 dxe4 20. dxe4 Ng5 21. Qg3 Bc4 22. Re1 b4 23. Bxg5 hxg5 24. Qxg5 bxc3 25. bxc3 Qb2 26. Ba4 Rd6 27. Qc1 Qxc1 28. Nxc1 Rb8 29. Nb3 Na7 30. Nf3 Nb5 31. Na5 Be6 32. c4 Nd4 33. Nxd4 exd4 34. c5 Rdd8 35. Nc6 Bd7 36. Nxb8 Bxa4 37. Rab1 d3 38. Nxa6 d2 39. Nxc7 dxe1=Q+ 40. Rxe1 Rd2 41. e5 Rxa2 42. Nd5 Rc2 43. c6 Bxc6 44. Nb4 Rc4 45. Nxc6 Rxc6 46. f4 Bh6 47. Rf1 Rc4 48. g3 g5 49. fxg5 Bxg5 50. Rf5 Bh6 51. Kf2 Kg7 52. Kf3 Rc3+ 53. Kg4 Bd2 54. h4 Be1 55. Rf3 Rxf3 56. Kxf3 Kf8 57. h5 Ke7 58. g4 Bd2 59. Ke4 Ke6 60. Kd4 Bg5 61. Ke4 Bc1 62. Kd4 Bb2+ 63. Ke4 Bxe5 64. h6 Bc3 65. g5 Bb2 66. h7 Ke7 67. Kf5 Bh8 0-1

[Event "Eastern op 42nd"]
[Site "Bethesda"]
[Date "2015.12.26"]
[Round "1"]
[White "Kaufman, Raymond"]
[Black "Maxwell, Daniel N"]
[Result "1-0"]
[WhiteElo "2315"]
[BlackElo "2062"]
[PlyCount "49"]
[GameId "1166660149202944"]
[EventDate "2015.12.26"]
[EventType "swiss"]
[EventRounds "7"]
[EventCountry "USA"]
[SourceTitle "CBM 170 Extra"]
[Source "ChessBase"]
[SourceDate "2016.02.25"]
[SourceVersion "1"]
[SourceVersionDate "2016.02.25"]
[SourceQuality "1"]

1. d4 Nf6 2. c4 g6 3. Nc3 Bg7 4. e4 d6 5. Be2 O-O 6. Bg5 c5 7. d5 h6 8. Bf4 e6 9. dxe6 Bxe6 10. Qd2 Qa5 11. Bxh6 Bxh6 12. Qxh6 Nxe4 13. Rc1 Nc6 14. h4 Nd4 15. Kf1 Nf5 16. Qf4 Nxc3 17. bxc3 Qd8 18. g4 Ng7 19. Qh6 Qf6 20. h5 Rfd8 21. Rh3 d5 22. hxg6 fxg6 23. Qh7+ Kf7 24. cxd5 Bxd5 25. Rd1 1-0

[Event "Washington State-ch"]
[Site "Redmond"]
[Date "2016.02.06"]
[Round "1"]
[White "Kaufman, Raymond"]
[Black "Sang, Tian"]
[Result "1/2-1/2"]
[WhiteElo "2315"]
[BlackElo "2277"]
[PlyCount "80"]
[GameId "1096902639185920"]
[EventDate "2016.02.06"]
[EventType "tourn"]
[EventRounds "9"]
[EventCountry "USA"]
[SourceTitle "EXT 2018"]
[Source "ChessBase"]
[SourceDate "2017.10.13"]
[SourceVersion "1"]
[SourceVersionDate "2017.10.13"]
[SourceQuality "1"]

1. d4 f5 2. Nc3 Nf6 3. Bg5 d5 4. Bxf6 exf6 5. e3 Be6 6. Qf3 Qd7 7. Nge2 g5 8. g3 Nc6 9. O-O-O O-O-O 10. h4 Rg8 11. hxg5 fxg5 12. Rh5 h6 13. Qh1 Qf7 14. Bg2 Kb8 15. Kb1 Rg6 16. Nc1 f4 17. gxf4 Rf6 18. fxg5 Rxf2 19. gxh6 Bg4 20. h7 Qxh5 21. Qxh5 Bxh5 22. h8=Q Bxd1 23. Be4 dxe4 24. Nxd1 Rf1 25. Nc3 Bb4 26. Qh7 Re1 27. Qh3 Rg8 28. a3 Bxc3 29. bxc3 a6 30. Kb2 Na5 31. Qe6 Rgg1 32. Nb3 Rb1+ 33. Ka2 Nxb3 34. cxb3 Ra1+ 35. Kb2 Rab1+ 36. Kc2 Rbc1+ 37. Kd2 Rcd1+ 38. Ke2 Rde1+ 39. Kf2 Ref1+ 40. Ke2 Re1+ 1/2-1/2

[Event "Washington State-ch"]
[Site "Redmond"]
[Date "2016.02.06"]
[Round "2"]
[White "Tiglon, Bryce"]
[Black "Kaufman, Raymond"]
[Result "1-0"]
[WhiteElo "2281"]
[BlackElo "2315"]
[PlyCount "67"]
[GameId "1096902639202304"]
[EventDate "2016.02.06"]
[EventType "tourn"]
[EventRounds "9"]
[EventCountry "USA"]
[SourceTitle "EXT 2018"]
[Source "ChessBase"]
[SourceDate "2017.10.13"]
[SourceVersion "1"]
[SourceVersionDate "2017.10.13"]
[SourceQuality "1"]

1. e4 e5 2. Nf3 Nc6 3. d4 exd4 4. Bc4 Nf6 5. e5 d5 6. Bb5 Ne4 7. Nxd4 Bd7 8. Bxc6 bxc6 9. O-O Bc5 10. f3 Ng5 11. f4 Ne4 12. Be3 O-O 13. Nd2 Nxd2 14. Qxd2 Bb6 15. Nb3 f6 16. Nc5 fxe5 17. fxe5 Qe7 18. Qc3 Rae8 19. b4 Bf5 20. Bd4 Qg5 21. Rae1 h5 22. Rf2 h4 23. a4 Be4 24. Nxe4 dxe4 25. Bxb6 axb6 26. Qc4+ Kh8 27. Rxe4 Qc1+ 28. Qf1 Qxf1+ 29. Kxf1 g5 30. Rxf8+ Rxf8+ 31. Ke2 Kg7 32. e6 Kf6 33. e7 Re8 34. a5 1-0

[Event "Washington State-ch"]
[Site "Redmond"]
[Date "2016.02.07"]
[Round "3"]
[White "Kaufman, Raymond"]
[Black "Raptis, Nick"]
[Result "1-0"]
[WhiteElo "2315"]
[BlackElo "2240"]
[PlyCount "135"]
[GameId "1096902639263744"]
[EventDate "2016.02.06"]
[EventType "tourn"]
[EventRounds "9"]
[EventCountry "USA"]
[SourceTitle "EXT 2018"]
[Source "ChessBase"]
[SourceDate "2017.10.13"]
[SourceVersion "1"]
[SourceVersionDate "2017.10.13"]
[SourceQuality "1"]

1. d4 Nf6 2. c4 g6 3. Nc3 Bg7 4. e4 d6 5. Be2 O-O 6. Bg5 Na6 7. Qc2 e5 8. dxe5 dxe5 9. Rd1 Qe8 10. Nd5 Qe6 11. Bxf6 Bxf6 12. Bg4 Qc6 13. Bxc8 Rfxc8 14. Nf3 Qe6 15. c5 Bd8 16. O-O c6 17. Ne3 Be7 18. Nc4 Nxc5 19. Ncxe5 Qxa2 20. Nd4 Qa4 21. b3 Qb4 22. Nc4 Rd8 23. f4 Ne6 24. Nxe6 fxe6 25. h3 Qc5+ 26. Qf2 Qxf2+ 27. Kxf2 a5 28. Rxd8+ Bxd8 29. Rd1 b5 30. Ne5 a4 31. bxa4 bxa4 32. Nxc6 Bb6+ 33. Kf3 Bc5 34. Ra1 Ra6 35. Nb8 Ra8 36. Nc6 a3 37. Ra2 Ra4 38. Ne5 Rd4 39. g4 Rd1 40. g5 Rf1+ 41. Kg3 Rb1 42. Rd2 Rb3+ 43. Kg4 Be7 44. Rc2 Bf8 45. Nd7 Rd3 46. Rc7 Bb4 47. Nf6+ Kf8 48. Nxh7+ Ke8 49. Ra7 Rd2 50. f5 exf5+ 51. exf5 gxf5+ 52. Kxf5 Rd5+ 53. Ke6 Ra5 54. Nf6+ Kd8 55. Rxa5 Bxa5 56. g6 a2 57. g7 a1=Q 58. g8=Q+ Kc7 59. Qg7+ Kc8 60. Qd7+ Kb8 61. Qb5+ Kc7 62. Nd5+ Kc8 63. Qc6+ Kb8 64. Ke7 Qe1+ 65. Kd7 Qd2 66. h4 Bb4 67. Qb6+ Ka8 68. Kc8 1-0

[Event "Washington State-ch"]
[Site "Redmond"]
[Date "2016.02.07"]
[Round "4"]
[White "Kaufman, Raymond"]
[Black "Pupols, Viktors"]
[Result "1-0"]
[WhiteElo "2315"]
[BlackElo "2000"]
[PlyCount "93"]
[GameId "1096902639284224"]
[EventDate "2016.02.06"]
[EventType "tourn"]
[EventRounds "9"]
[EventCountry "USA"]
[SourceTitle "EXT 2018"]
[Source "ChessBase"]
[SourceDate "2017.10.13"]
[SourceVersion "1"]
[SourceVersionDate "2017.10.13"]
[SourceQuality "1"]

1. d4 d5 2. c4 c6 3. Nf3 e6 4. e3 Nf6 5. Nbd2 Nbd7 6. Bd3 Bd6 7. e4 dxe4 8. Nxe4 Nxe4 9. Bxe4 Nf6 10. Bc2 Bb4+ 11. Kf1 Be7 12. Bg5 h6 13. Bh4 Nh5 14. Bxe7 Qxe7 15. Ne5 Nf6 16. Qf3 Bd7 17. g3 O-O 18. Kg2 Rfd8 19. Rad1 Be8 20. Rhe1 Qb4 21. Re2 Qb6 22. c5 Qa6 23. b4 b5 24. h4 Nd5 25. Qd3 f5 26. Bb3 Qb7 27. Qf3 a5 28. bxa5 Rxa5 29. Nd3 Bf7 30. Rde1 Qc8 31. Re5 Ra7 32. Qe2 Re7 33. Bxd5 Rxd5 34. Rxd5 cxd5 35. Nb4 e5 36. Qxb5 e4 37. c6 Qd8 38. Na6 f4 39. c7 Rxc7 40. Nxc7 Qxc7 41. Qc5 Qd7 42. Rc1 Be6 43. Qc7 Qa4 44. Qe5 f3+ 45. Kh2 Qa6 46. Rc7 Bf7 47. Qf5 1-0

[Event "Washington State-ch"]
[Site "Redmond"]
[Date "2016.02.13"]
[Round "5"]
[White "He, Daniel Ming"]
[Black "Kaufman, Raymond"]
[Result "0-1"]
[WhiteElo "2061"]
[BlackElo "2315"]
[PlyCount "70"]
[GameId "1096902639550464"]
[EventDate "2016.02.06"]
[EventType "tourn"]
[EventRounds "9"]
[EventCountry "USA"]
[SourceTitle "EXT 2018"]
[Source "ChessBase"]
[SourceDate "2017.10.13"]
[SourceVersion "1"]
[SourceVersionDate "2017.10.13"]
[SourceQuality "1"]

1. c4 c5 2. Nf3 Nc6 3. Nc3 e5 4. e3 Nf6 5. d4 e4 6. d5 exf3 7. dxc6 bxc6 8. Qxf3 Bd6 9. g4 Rb8 10. g5 Ng8 11. Qe4+ Ne7 12. Bd3 Bc7 13. h4 d5 14. Qg2 Be6 15. cxd5 cxd5 16. Bb5+ Kf8 17. a4 d4 18. Ne4 Qd5 19. Qf3 Nf5 20. Ke2 Qe5 21. Qf4 Qxf4 22. exf4 Bd5 23. Kd3 Rxb5 24. axb5 c4+ 25. Ke2 Bxe4 26. Rh3 Bb6 27. Bd2 g6 28. Ba5 Kg7 29. Kd2 Nd6 30. Bb4 Nxb5 31. Be7 Bd8 32. Bb4 Re8 33. h5 gxh5 34. Ra4 c3+ 35. Kc1 Bc7 0-1

[Event "Washington State-ch"]
[Site "Redmond"]
[Date "2016.02.13"]
[Round "6"]
[White "Kaufman, Raymond"]
[Black "Lee, Michael"]
[Result "1/2-1/2"]
[WhiteElo "2315"]
[BlackElo "2420"]
[PlyCount "87"]
[GameId "1096902639570944"]
[EventDate "2016.02.06"]
[EventType "tourn"]
[EventRounds "9"]
[EventCountry "USA"]
[SourceTitle "EXT 2018"]
[Source "ChessBase"]
[SourceDate "2017.10.13"]
[SourceVersion "1"]
[SourceVersionDate "2017.10.13"]
[SourceQuality "1"]

1. d4 Nf6 2. c4 c5 3. d5 b5 4. cxb5 a6 5. b6 g6 6. Nc3 Bg7 7. e4 O-O 8. Nf3 Bb7 9. Be2 d6 10. O-O Nbd7 11. a4 a5 12. Qc2 e5 13. dxe6 fxe6 14. Rd1 d5 15. Ng5 Qxb6 16. exd5 exd5 17. Ra3 Rae8 18. Rb3 Qc6 19. h4 Ne5 20. Bb5 Qc8 21. Bxe8 Rxe8 22. Bf4 d4 23. Bxe5 Rxe5 24. Ne2 Ba6 25. Nf4 c4 26. Rb6 d3 27. Qc1 Ng4 28. Nge6 Bh6 29. Qc3 Bxf4 30. Nxf4 Qc5 31. Rb8+ Kf7 32. Nh3 Qe7 33. f4 Qa7+ 34. Kh1 Qxb8 35. fxe5 Qxe5 36. Ng5+ Kg7 37. Qxe5+ Nxe5 38. Re1 Kf6 39. Kg1 Bb7 40. Kf2 Bc6 41. Ne4+ Kf5 42. Nd6+ Kf6 43. Ne4+ Kf5 44. Nd6+ 1/2-1/2

[Event "Washington State-ch"]
[Site "Redmond"]
[Date "2016.02.14"]
[Round "8"]
[White "Feng, Roland"]
[Black "Kaufman, Raymond"]
[Result "1-0"]
[WhiteElo "2327"]
[BlackElo "2315"]
[PlyCount "77"]
[GameId "1096902639607808"]
[EventDate "2016.02.06"]
[EventType "tourn"]
[EventRounds "9"]
[EventCountry "USA"]
[SourceTitle "EXT 2018"]
[Source "ChessBase"]
[SourceDate "2017.10.13"]
[SourceVersion "1"]
[SourceVersionDate "2017.10.13"]
[SourceQuality "1"]

1. d4 d5 2. c4 e6 3. Nc3 Be7 4. cxd5 exd5 5. Bf4 Nf6 6. e3 O-O 7. Bd3 b6 8. Nge2 c5 9. O-O Ba6 10. Bxa6 Nxa6 11. Qa4 Nb4 12. dxc5 bxc5 13. Rad1 c4 14. Nc1 Qb6 15. a3 Nd3 16. Nxd3 cxd3 17. Qb5 Qxb5 18. Nxb5 Rfc8 19. Rxd3 Rc2 20. b4 a5 21. Nd4 Rc4 22. b5 Ne4 23. Nc6 Bc5 24. Ne5 Rc3 25. Rxc3 Nxc3 26. Nd7 Ne2+ 27. Kh1 Nxf4 28. Nxc5 Ne6 29. Nxe6 fxe6 30. Rc1 a4 31. b6 Rb8 32. Rc6 Kf7 33. Rc7+ Kf6 34. b7 h5 35. h4 g5 36. hxg5+ Kxg5 37. Kg1 Kf5 38. Kf1 Ke5 39. Rd7 1-0

[Event "Mexico City Independencia Cup IM"]
[Site "Mexico City"]
[Date "2016.09.18"]
[Round "9"]
[White "Kaufman, Raymond"]
[Black "Perez Garcia, Rodney Oscar"]
[Result "1/2-1/2"]
[WhiteElo "2308"]
[BlackElo "2315"]
[PlyCount "24"]
[GameId "1166660885520384"]
[EventDate "2016.09.14"]
[EventType "tourn"]
[EventRounds "9"]
[EventCountry "MEX"]
[EventCategory "2"]
[SourceTitle "CBM 174 Extra"]
[Source "ChessBase"]
[SourceDate "2016.10.10"]
[SourceVersion "1"]
[SourceVersionDate "2016.10.10"]
[SourceQuality "1"]

1. Nf3 d5 2. d4 Bf5 3. c4 e6 4. Nc3 c6 5. e3 Nd7 6. Bd3 Bxd3 7. Qxd3 Ngf6 8. O-O Be7 9. Rd1 O-O 10. e4 dxe4 11. Nxe4 Nxe4 12. Qxe4 Nf6 1/2-1/2

[Event "Washington State-ch"]
[Site "Redmond"]
[Date "2017.02.11"]
[Round "1"]
[White "Raptis, Nick"]
[Black "Kaufman, Raymond"]
[Result "1/2-1/2"]
[WhiteElo "2310"]
[BlackElo "2283"]
[PlyCount "71"]
[GameId "1657152584433664"]
[EventDate "2017.02.11"]
[EventType "tourn"]
[EventRounds "9"]
[EventCountry "USA"]
[EventCategory "1"]
[SourceTitle "EXT 2023"]
[Source "ChessBase"]
[SourceDate "2022.10.05"]
[SourceVersion "1"]
[SourceVersionDate "2022.10.05"]
[SourceQuality "1"]

1. d4 Nf6 2. Nf3 d5 3. Bf4 c5 4. e3 Nc6 5. Be2 Bg4 6. c3 Bxf3 7. Bxf3 e6 8. Nd2 h6 9. O-O cxd4 10. exd4 Bd6 11. Bxd6 Qxd6 12. Be2 O-O 13. Bd3 e5 14. dxe5 Nxe5 15. Nf3 Nfg4 16. Nxe5 Nxe5 17. Qd2 Rad8 18. Rad1 Rfe8 19. h3 Qb6 20. b3 Re6 21. Rfe1 Rde8 22. Bf5 R6e7 23. Re3 g6 24. Bb1 Kg7 25. Qxd5 Rd7 26. Qxd7 Nxd7 27. Rxe8 Nf6 28. Re3 h5 29. Rd4 Qc7 30. Be4 b6 31. Bf3 Qc5 32. b4 Qf8 33. Be4 Qg8 34. a4 a5 35. Bc6 Qf8 36. Rf3 1/2-1/2

[Event "Washington State-ch"]
[Site "Redmond"]
[Date "2017.02.11"]
[Round "2"]
[White "Kaufman, Raymond"]
[Black "Perez, Ignacio"]
[Result "0-1"]
[WhiteElo "2283"]
[BlackElo "2190"]
[PlyCount "74"]
[GameId "1657152584577024"]
[EventDate "2017.02.11"]
[EventType "tourn"]
[EventRounds "9"]
[EventCountry "USA"]
[EventCategory "1"]
[SourceTitle "EXT 2023"]
[Source "ChessBase"]
[SourceDate "2022.10.05"]
[SourceVersion "1"]
[SourceVersionDate "2022.10.05"]
[SourceQuality "1"]

1. e4 g6 2. d4 Bg7 3. Nc3 d6 4. f4 Nf6 5. Nf3 O-O 6. Be3 Nc6 7. Qd2 e5 8. fxe5 dxe5 9. d5 Nd4 10. O-O-O Ng4 11. Bg5 f6 12. h3 fxg5 13. hxg4 Bxg4 14. Bc4 Nxf3 15. gxf3 Bxf3 16. d6+ Kh8 17. Nb5 cxd6 18. Nxd6 Qf6 19. Rhf1 Qf4 20. Kb1 Qxd2 21. Rxd2 g4 22. Nf7+ Rxf7 23. Bxf7 Rf8 24. Bd5 b6 25. a4 g3 26. Ka2 h5 27. c4 h4 28. Be6 g5 29. b4 g4 30. Rg1 Bh6 31. Rb2 Be3 32. Re1 Bd4 33. Rc2 h3 34. c5 bxc5 35. bxc5 g2 36. c6 Bxe4 37. Rce2 Bxc6 0-1

[Event "Washington State-ch"]
[Site "Redmond"]
[Date "2017.02.12"]
[Round "3"]
[White "Sang, Tian"]
[Black "Kaufman, Raymond"]
[Result "1-0"]
[WhiteElo "2285"]
[BlackElo "2283"]
[PlyCount "107"]
[GameId "1657152584663040"]
[EventDate "2017.02.11"]
[EventType "tourn"]
[EventRounds "9"]
[EventCountry "USA"]
[EventCategory "1"]
[SourceTitle "EXT 2023"]
[Source "ChessBase"]
[SourceDate "2022.10.05"]
[SourceVersion "1"]
[SourceVersionDate "2022.10.05"]
[SourceQuality "1"]

1. e4 c5 2. Nf3 e6 3. d4 cxd4 4. Nxd4 Nc6 5. Nc3 Qc7 6. Be3 a6 7. Bd3 Nf6 8. O-O b5 9. Nb3 d6 10. f4 h5 11. h3 Be7 12. Qf3 Bb7 13. Qf2 Rc8 14. a3 h4 15. f5 Ne5 16. fxe6 fxe6 17. Nd4 Qd7 18. Rad1 Nh5 19. Qe1 Ng3 20. Rf2 Bf6 21. Nde2 Nxe2+ 22. Bxe2 O-O 23. Bd4 Qe7 24. Qd2 Bg5 25. Rxf8+ Rxf8 26. Be3 Bxe3+ 27. Qxe3 Rf6 28. Qa7 Rg6 29. Kh1 Kh7 30. Qd4 Qg5 31. Rg1 Qf4 32. Qxd6 Rg3 33. Qxe6 Rxc3 34. bxc3 Bxe4 35. Qe8 Qg3 36. Qh5+ Kg8 37. Qe8+ Kh7 38. Qh5+ Kg8 39. Bg4 Bc6 40. Qg5 Nxg4 41. Qxg4 Qxg4 42. hxg4 h3 43. Rd1 Bxg2+ 44. Kh2 a5 45. Rd7 Bf1 46. Ra7 a4 47. c4 Bxc4 48. Kxh3 Kh7 49. Kg3 Kg6 50. Kf4 Kh6 51. Kf5 Be2 52. g5+ Kh7 53. g6+ Kh6 54. Ra8 1-0

[Event "Washington State-ch"]
[Site "Redmond"]
[Date "2017.02.12"]
[Round "4"]
[White "He, Anthony B"]
[Black "Kaufman, Raymond"]
[Result "1-0"]
[WhiteElo "2159"]
[BlackElo "2283"]
[PlyCount "95"]
[GameId "1657152584744960"]
[EventDate "2017.02.11"]
[EventType "tourn"]
[EventRounds "9"]
[EventCountry "USA"]
[EventCategory "1"]
[SourceTitle "EXT 2023"]
[Source "ChessBase"]
[SourceDate "2022.10.05"]
[SourceVersion "1"]
[SourceVersionDate "2022.10.05"]
[SourceQuality "1"]

1. e4 c5 2. Nf3 e6 3. b3 d6 4. Bb2 Nf6 5. Qe2 Nc6 6. d4 cxd4 7. Nxd4 Nxd4 8. Bxd4 e5 9. Bb2 Be7 10. c4 O-O 11. Nc3 a6 12. Qd2 Qa5 13. Bd3 Be6 14. a3 Rac8 15. b4 Qb6 16. Nd5 Nxd5 17. exd5 Bd7 18. O-O f5 19. Rac1 Bf6 20. Be2 Qd8 21. f4 exf4 22. Bxf6 Qxf6 23. Qxf4 Rce8 24. Bd3 g5 25. Qf2 f4 26. c5 g4 27. c6 Bc8 28. Rc4 bxc6 29. dxc6 f3 30. a4 Qg5 31. Re4 Rxe4 32. Bxe4 d5 33. Bd3 Rf6 34. b5 axb5 35. axb5 h5 36. Re1 fxg2 37. Qe3 Qxe3+ 38. Rxe3 Kf8 39. Re5 h4 40. Kxg2 h3+ 41. Kg1 g3 42. hxg3 Rf3 43. Bf5 Bxf5 44. Rxf5+ Rxf5 45. c7 h2+ 46. Kxh2 Rf2+ 47. Kh3 Rc2 48. b6 1-0

[Event "Washington State-ch"]
[Site "Redmond"]
[Date "2017.02.19"]
[Round "7"]
[White "Kaufman, Raymond"]
[Black "Readey, John"]
[Result "1-0"]
[WhiteElo "2283"]
[BlackElo "2277"]
[PlyCount "83"]
[GameId "1657152584966144"]
[EventDate "2017.02.11"]
[EventType "tourn"]
[EventRounds "9"]
[EventCountry "USA"]
[EventCategory "1"]
[SourceTitle "EXT 2023"]
[Source "ChessBase"]
[SourceDate "2022.10.05"]
[SourceVersion "1"]
[SourceVersionDate "2022.10.05"]
[SourceQuality "1"]

1. d4 d5 2. c4 c6 3. Nf3 Nf6 4. e3 Bf5 5. Nc3 a6 6. Qb3 Ra7 7. Bd2 e6 8. Nh4 Be4 9. cxd5 cxd5 10. f3 Bg6 11. Nxg6 hxg6 12. Bd3 Nc6 13. Rc1 Bd6 14. f4 Nh5 15. O-O g5 16. Ne2 gxf4 17. exf4 f5 18. Rc2 Nf6 19. Rfc1 g5 20. Qa4 Qd7 21. Rxc6 bxc6 22. Qxc6 Qxc6 23. Rxc6 Ke7 24. fxg5 Bxh2+ 25. Kf1 Nh5 26. Bxa6 Rha8 27. Bc8 Bd6 28. g6 Rc7 29. Bg5+ Nf6 30. Rxc7+ Bxc7 31. Bb7 Rg8 32. Nf4 Bxf4 33. Bxf4 Rxg6 34. a4 Rg4 35. g3 Ne4 36. a5 Nxg3+ 37. Bxg3 Rxg3 38. a6 Rf3+ 39. Ke1 Re3+ 40. Kd2 Rb3 41. Kc2 Rb4 42. a7 1-0

[Event "Washington State-ch"]
[Site "Redmond"]
[Date "2017.02.19"]
[Round "8"]
[White "Sinanan, Joshua C"]
[Black "Kaufman, Raymond"]
[Result "0-1"]
[WhiteElo "2200"]
[BlackElo "2283"]
[PlyCount "115"]
[GameId "1657152585048064"]
[EventDate "2017.02.11"]
[EventType "tourn"]
[EventRounds "9"]
[EventCountry "USA"]
[EventCategory "1"]
[SourceTitle "EXT 2023"]
[Source "ChessBase"]
[SourceDate "2022.10.05"]
[SourceVersion "1"]
[SourceVersionDate "2022.10.05"]
[SourceQuality "1"]

1. d4 Nf6 2. c4 e6 3. g3 d5 4. Nf3 dxc4 5. Bg2 a6 6. O-O Nc6 7. e3 Rb8 8. Qe2 b5 9. b3 cxb3 10. axb3 Bb7 11. Nbd2 Be7 12. Bb2 O-O 13. Rfd1 Nb4 14. e4 c5 15. e5 Nd7 16. Ne4 cxd4 17. Nxd4 Bd5 18. Qh5 Qb6 19. Ne2 Rfd8 20. Nf4 Bxe4 21. Bxe4 Nf8 22. Qg4 Bc5 23. Kg2 Rxd1 24. Rxd1 Rd8 25. Rxd8 Qxd8 26. Qe2 Ng6 27. Nd3 Nxd3 28. Qxd3 Qxd3 29. Bxd3 Ne7 30. f4 h5 31. h3 Kf8 32. Kf3 Ke8 33. g4 hxg4+ 34. hxg4 Kd7 35. f5 Nc6 36. Ke4 Kc7 37. Be2 Kb6 38. fxe6 fxe6 39. g5 a5 40. Bg4 Nd8 41. Bh5 a4 42. bxa4 bxa4 43. Bc3 a3 44. Kd3 Be7 45. g6 Kb5 46. Bd1 Bg5 47. Bb3 Bf4 48. Bc4+ Ka4 49. Kd4 Nc6+ 50. Ke4 Bc1 51. Bxe6 Bb2 52. Bxb2 axb2 53. Ba2 Ne7 54. Bb1 Nxg6 55. e6 Ne7 56. Ke5 Kb4 57. Kd6 Nc8+ 58. Kd7 0-1

[Event "Seattle Classic op"]
[Site "Seattle"]
[Date "2017.08.16"]
[Round "1"]
[White "Orlova, Yelizaveta"]
[Black "Kaufman, Raymond"]
[Result "0-1"]
[WhiteElo "1933"]
[BlackElo "2206"]
[PlyCount "78"]
[GameId "1658237073580032"]
[EventDate "2017.08.16"]
[EventType "swiss"]
[EventRounds "9"]
[EventCountry "USA"]
[SourceTitle "EXT 2023"]
[Source "ChessBase"]
[SourceDate "2022.10.05"]
[SourceVersion "1"]
[SourceVersionDate "2022.10.05"]
[SourceQuality "1"]

1. d4 Nf6 2. Nf3 g6 3. c4 Bg7 4. e3 O-O 5. b3 d6 6. Bb2 Nbd7 7. Be2 e5 8. dxe5 Ng4 9. O-O Ngxe5 10. Nc3 Nxf3+ 11. Bxf3 Re8 12. Qd2 Ne5 13. Be2 Be6 14. Rfd1 h5 15. Nd5 h4 16. f4 Nd7 17. Bxg7 Kxg7 18. Qd4+ f6 19. Bf3 a5 20. e4 Bf7 21. Rf1 Nc5 22. Rae1 Ne6 23. Qd2 c6 24. Nc3 Qb6+ 25. Kh1 Qb4 26. Bg4 Nc5 27. Qd4 Rad8 28. Rb1 d5 29. exd5 cxd5 30. a3 Qxa3 31. Nxd5 Bxd5 32. cxd5 Re4 33. Qd1 Qb4 34. Qc1 Rde8 35. g3 hxg3 36. hxg3 Re3 37. Bf3 Rc3 38. Qd1 Rd3 39. Qc1 Rh8+ 0-1

[Event "Seattle Classic op"]
[Site "Seattle"]
[Date "2017.08.17"]
[Round "3"]
[White "Deshpande, Aaryan"]
[Black "Kaufman, Raymond"]
[Result "0-1"]
[WhiteElo "1734"]
[BlackElo "2206"]
[PlyCount "60"]
[GameId "1658237073698816"]
[EventDate "2017.08.16"]
[EventType "swiss"]
[EventRounds "9"]
[EventCountry "USA"]
[SourceTitle "EXT 2023"]
[Source "ChessBase"]
[SourceDate "2022.10.05"]
[SourceVersion "1"]
[SourceVersionDate "2022.10.05"]
[SourceQuality "1"]

1. e4 c5 2. Nf3 e6 3. c3 Nf6 4. e5 Nd5 5. d4 cxd4 6. cxd4 d6 7. Nc3 Nxc3 8. bxc3 Qc7 9. Bd2 Nd7 10. exd6 Bxd6 11. Be2 O-O 12. O-O b6 13. h3 Bb7 14. a4 Rac8 15. Qc2 Nf6 16. a5 Be4 17. Qb2 h6 18. Rfc1 Nd5 19. axb6 axb6 20. c4 Nf4 21. Bxf4 Bxf4 22. Qc3 Rfd8 23. Rd1 Ra8 24. Nd2 Bb7 25. Rab1 Rab8 26. Re1 Ba8 27. c5 bxc5 28. dxc5 Rbc8 29. Nc4 Be4 30. Ra1 Qxc5 0-1

[Event "Seattle Classic op"]
[Site "Seattle"]
[Date "2017.08.18"]
[Round "4"]
[White "Kaufman, Raymond"]
[Black "Doknjas, John"]
[Result "1-0"]
[WhiteElo "2206"]
[BlackElo "2227"]
[PlyCount "81"]
[GameId "1658237073772544"]
[EventDate "2017.08.16"]
[EventType "swiss"]
[EventRounds "9"]
[EventCountry "USA"]
[SourceTitle "EXT 2023"]
[Source "ChessBase"]
[SourceDate "2022.10.05"]
[SourceVersion "1"]
[SourceVersionDate "2022.10.05"]
[SourceQuality "1"]

1. e4 c5 2. Nf3 d6 3. Bb5+ Bd7 4. Bxd7+ Qxd7 5. O-O Nf6 6. e5 dxe5 7. Nxe5 Qc8 8. Qf3 e6 9. Nc3 Be7 10. d3 O-O 11. Bf4 Nfd7 12. Qg3 Nxe5 13. Bxe5 f6 14. Bxb8 Rxb8 15. Rfe1 Qd7 16. Re2 Rbe8 17. Rae1 Bd6 18. Qh3 f5 19. a4 Rf6 20. Qf3 Ref8 21. Re3 Rh6 22. h3 Bb8 23. Nb5 a6 24. Na3 b5 25. axb5 axb5 26. c4 b4 27. Nb5 e5 28. Ra1 Re6 29. Qe2 Qb7 30. b3 Rfe8 31. d4 cxd4 32. Nxd4 Rg6 33. f3 Rf8 34. Rxe5 Qd7 35. Rd5 Qc7 36. g4 fxg4 37. hxg4 Rh6 38. Nf5 Rh2 39. Qe6+ Kh8 40. Nd6 Rh6 41. Nf7+ 1-0